|
|
|
|
| LEADER |
00000cam a2200000 7i4500 |
| 001 |
0000003469 |
| 005 |
20220105103946.0 |
| 008 |
070718 |
| 020 |
|
|
|a 9833278051
|
| 090 |
0 |
0 |
|a JP
|b ANM MAL (3769)
|
| 245 |
0 |
0 |
|a Simpati anak monyet
|
| 260 |
|
|
|a Selangor :
|b Early Learner publications
|
| 440 |
|
0 |
|a Siri teladan anak-anak haiwan
|
| 500 |
|
|
|a Children age 4-6 years old (yellow)
|
| 650 |
|
0 |
|a Animal
|
| 650 |
|
0 |
|a Junior preschool
|x Malay
|x Languages
|
| 710 |
0 |
|
|a Title
|
| 999 |
|
|
|a 0000947919
|b Book
|c Children Collection
|e Cawangan Tmn. Ungku Tun Aminah
|
| 999 |
|
|
|a 0000947920
|b Book
|c Children Collection
|e Cawangan Tmn. Ungku Tun Aminah
|
| 999 |
|
|
|a 0000947921
|b Book
|c Children Collection
|e Cawangan Tmn. Ungku Tun Aminah
|
| 999 |
|
|
|a 0000971101
|b Book
|c Children Collection
|e Cawangan Tmn. Ungku Tun Aminah
|
| 999 |
|
|
|a 0000971102
|b Book
|c Children Collection
|e Perbadanan Perpustakaan Awam Johor
|
| 999 |
|
|
|a 0000971103
|b Book
|c Children Collection
|e Cawangan Tmn. Ungku Tun Aminah
|
| 999 |
|
|
|a 0000971104
|b Book
|c Children Collection
|e Cawangan Tmn. Ungku Tun Aminah
|
| 999 |
|
|
|a 0000989375
|b Book
|c Children Collection
|e Cawangan Tangkak
|
| 999 |
|
|
|a 0000989376
|b Book
|c Children Collection
|e Cawangan Bukit Gambir
|
| 999 |
|
|
|a 0000989377
|b Book
|c Children Collection
|e Cawangan Bandar Penawar
|
| 999 |
|
|
|a 000989376
|b Book
|c Children Collection
|e Cawangan Bukit Gambir
|